[Event "294th YMCA Autumn C"]
[Site "Warsaw"]
[Date "2024.12.05"]
[Round "11"]
[White "Sobieraj, Filip"]
[Black "Klask, Franciszek"]
[Result "1-0"]
[WhiteElo "1697"]
[BlackElo "1672"]
[PlyCount "49"]
[EventDate "2024.09.25"]
[EventType "tourn"]
[EventRounds "1"]
[EventCountry "POL"]
[SourceDate "2024.09.25"]

1. e4 c6 2. d4 d5 3. e5 Bf5 4. Bd3 Bxd3 5. Qxd3 e6 6. Nf3 Nd7 7. O-O Ne7 8. Be3
Nf5 9. Nbd2 Rc8 10. c3 c5 11. Rac1 Be7 12. Kh1 O-O 13. Rg1 Rc7 14. g4 Nh4 15.
Nxh4 Bxh4 16. g5 cxd4 17. Qxd4 Nb6 18. Qxh4 Nc4 19. Nxc4 dxc4 20. Rcd1 Rd7 21.
Qg4 Qc7 22. Rxd7 Qxd7 23. Rd1 Qc7 24. Bd4 Rd8 25. h4 1-0

[Event "294th YMCA Autumn C"]
[Site "Warsaw"]
[Date "2024.12.04"]
[Round "11"]
[White "Jazdzyk, Bartosz"]
[Black "Kozera, Konrad"]
[Result "1-0"]
[WhiteElo "1663"]
[BlackElo "1576"]
[PlyCount "71"]
[EventDate "2024.09.25"]
[EventType "tourn"]
[EventRounds "1"]
[EventCountry "POL"]
[SourceDate "2024.09.25"]

1. e4 c5 2. Nf3 d6 3. d4 cxd4 4. Nxd4 Nf6 5. Nc3 a6 6. g3 e5 7. Nde2 Be7 8. Bg2
Be6 9. O-O O-O 10. a4 Nc6 11. Nd5 Bxd5 12. exd5 Na7 13. Be3 Ng4 14. Bxa7 Rxa7
15. h3 Nf6 16. Qd3 Qb6 17. a5 Qc5 18. c4 Bd8 19. Qc3 b5 20. axb6 Bxb6 21. b4
Qc7 22. Rfc1 Rc8 23. Qd3 Qe7 24. c5 dxc5 25. Rxa6 Rxa6 26. Qxa6 Rb8 27. bxc5
Bxc5 28. Qc6 Bd6 29. Nc3 Qd8 30. Nb5 Rb6 31. Nxd6 Rxc6 32. dxc6 Qc7 33. Nb5 Qc8
34. c7 Ne8 35. Ra1 Kf8 36. Ra8 1-0

[Event "294th YMCA Autumn C"]
[Site "Warsaw"]
[Date "2024.12.04"]
[Round "11"]
[White "Ossolinski, Michal"]
[Black "Kuc, Mariusz"]
[Result "0-1"]
[WhiteElo "1612"]
[BlackElo "1684"]
[PlyCount "84"]
[EventDate "2024.09.25"]
[EventType "tourn"]
[EventRounds "1"]
[EventCountry "POL"]
[SourceDate "2024.09.25"]

1. b3 c5 2. Nf3 Nc6 3. e4 d6 4. Bb2 a6 5. d4 Nf6 6. Nbd2 cxd4 7. Nxd4 e5 8.
Nxc6 bxc6 9. c4 Be7 10. Be2 O-O 11. O-O Qc7 12. Rc1 Nd7 13. Qc2 a5 14. Nb1 Nc5
15. Nc3 f5 16. Ba3 Ne6 17. Bd3 f4 18. Rfd1 f3 19. g3 Nd4 20. Qb2 Bh3 21. Bf1
Qd7 22. c5 Bxf1 23. Kxf1 Qh3+ 24. Ke1 dxc5 25. Rxd4 exd4 26. Na4 Rfe8 27. Bxc5
Bg5 28. Qxd4 Bxc1 29. Qc4+ Kh8 30. Qxc1 Rxe4+ 31. Be3 Qxh2 32. Qxc6 Rxe3+ 33.
Kd1 Rd8+ 34. Kc1 Qg1+ 35. Kb2 Qxf2+ 36. Ka3 Qe1 37. Qc5 f2 38. Nb6 f1=Q 39. Nc4
Rxb3+ 40. Kxb3 Rb8+ 41. Ka3 Qc3+ 42. Ka4 Qd1# 0-1

[Event "294th YMCA Autumn C"]
[Site "Warsaw"]
[Date "2024.12.06"]
[Round "11"]
[White "Glowacki, Mateusz"]
[Black "Sokolowski, Marcin"]
[Result "0-1"]
[WhiteElo "1635"]
[BlackElo "1600"]
[PlyCount "88"]
[EventDate "2024.09.25"]
[EventType "tourn"]
[EventRounds "1"]
[EventCountry "POL"]
[SourceDate "2024.09.25"]

1. e4 c5 2. a3 d6 3. b4 Nf6 4. Nc3 e5 5. Nf3 Nc6 6. Bb5 cxb4 7. axb4 a6 8. d3
Bg4 9. Bc4 b5 10. Bd5 Rc8 11. Bxc6+ Rxc6 12. Nd5 Be6 13. Bg5 Be7 14. Bxf6 Bxf6
15. O-O O-O 16. Nd2 Bg5 17. c4 f5 18. f4 Bf6 19. Ra5 bxc4 20. exf5 Bxd5 21.
Rxd5 cxd3 22. fxe5 Bxe5 23. Rxd3 Qb6+ 24. Kh1 Qxb4 25. Qf3 Rc2 26. Qd5+ Kh8 27.
Ne4 h6 28. Rdf3 Qc4 29. Qb7 Rc1 30. Nd2 Rxf1+ 31. Nxf1 Qc8 32. Qb1 a5 33. Ne3
Qc5 34. Qd3 Bd4 35. Nc4 Rc8 36. Nd2 Qe5 37. Nc4 Qd5 38. Nd2 Rc3 39. Qe2 Rxf3
40. Nxf3 Qxf5 41. h3 Be5 42. Qa2 Bg3 43. Kg1 Qd3 44. Qa1 a4 0-1

[Event "294th YMCA Autumn C"]
[Site "Warsaw"]
[Date "2024.12.03"]
[Round "11"]
[White "Hartman, Aleksander"]
[Black "Wiktorowski, Janusz"]
[Result "1/2-1/2"]
[WhiteElo "1683"]
[BlackElo "1648"]
[PlyCount "117"]
[EventDate "2024.09.25"]
[EventType "tourn"]
[EventRounds "1"]
[EventCountry "POL"]
[SourceDate "2024.09.25"]

1. e4 e5 2. Bc4 Bc5 3. Nf3 d6 4. c3 Nf6 5. d4 exd4 6. cxd4 Bb4+ 7. Bd2 Bxd2+ 8.
Nbxd2 O-O 9. O-O Bg4 10. Re1 Nc6 11. Qc2 h6 12. h3 Bh5 13. e5 Ne8 14. g4 d5 15.
Bb3 Bg6 16. Qc5 Ne7 17. e6 f6 18. Nh4 Bh7 19. Nf1 Qd6 20. Ne3 c6 21. Bc2 g6 22.
f4 f5 23. gxf5 Nxf5 24. Nexf5 gxf5 25. Qxd6 Nxd6 26. Re5 Rae8 27. Kf2 Rf6 28.
Rae1 Ne4+ 29. Bxe4 dxe4 30. d5 cxd5 31. Rd1 Rexe6 32. Rdxd5 Rxe5 33. fxe5 Re6
34. Ke3 Kf7 35. Kf4 Ke7 36. Nxf5+ Bxf5 37. Kxf5 e3 38. Rd3 Rb6 39. b3 Ra6 40.
a4 e2 41. Re3 Rb6 42. Rxe2 Rxb3 43. Rc2 Rxh3 44. Rc7+ Kd8 45. Rxb7 Rh5+ 46. Ke6
a6 47. Ra7 Rg5 48. Kd6 Kc8 49. Rxa6 Kb7 50. Ra5 h5 51. Rb5+ Kc8 52. e6 Rg4 53.
Rxh5 Rd4+ 54. Rd5 Rxa4 55. e7 Re4 56. Re5 Rxe5 57. Kxe5 Kd7 58. Kf6 Ke8 59. Ke6
1/2-1/2

[Event "294th YMCA Autumn C"]
[Site "Warsaw"]
[Date "2024.12.05"]
[Round "12"]
[White "Niedzwiecki, Marek"]
[Black "Wiktorowski, Janusz"]
[Result "1-0"]
[WhiteElo "1618"]
[BlackElo "1648"]
[PlyCount "95"]
[EventDate "2024.09.25"]
[EventType "tourn"]
[EventRounds "1"]
[EventCountry "POL"]
[SourceDate "2024.09.25"]

1. e4 e5 2. Nf3 Nc6 3. Bb5 a6 4. Ba4 Nf6 5. O-O b5 6. Bb3 Bc5 7. d3 h6 8. c3
Bb6 9. h3 d6 10. Re1 O-O 11. Bc2 Ne7 12. d4 Ng6 13. b4 Be6 14. d5 Bd7 15. Be3
Nf4 16. Bxf4 exf4 17. e5 dxe5 18. Nxe5 Re8 19. Qd3 Re7 20. Nd2 Be8 21. Ng4
Rxe1+ 22. Rxe1 g6 23. Ne4 Nxg4 24. hxg4 Kg7 25. c4 bxc4 26. Qxc4 Bd7 27. Qc3+
f6 28. g5 hxg5 29. Nxg5 Qf8 30. Ba4 Bf5 31. Bc2 Kh6 32. Ne6 Bxe6 33. dxe6 Qe7
34. Qh3+ Kg7 35. Qg4 g5 36. Qf5 Rh8 37. Rd1 Qe8 38. Rd7+ Kg8 39. Qxf6 Rh1+ 40.
Kxh1 Qh5+ 41. Kg1 Bxf2+ 42. Kxf2 Qh4+ 43. Kf1 Qh1+ 44. Ke2 Qxg2+ 45. Kd3 Qf3+
46. Kc4 Qe2+ 47. Kb3 Qf3+ 48. Rd3 1-0

[Event "294th YMCA Autumn C"]
[Site "Warsaw"]
[Date "2024.12.20"]
[Round "12"]
[White "Sokolowski, Marcin"]
[Black "Hartman, Aleksander"]
[Result "1-0"]
[WhiteElo "1600"]
[BlackElo "1683"]
[PlyCount "43"]
[EventDate "2024.09.25"]
[EventType "tourn"]
[EventRounds "1"]
[EventCountry "POL"]
[SourceDate "2024.09.25"]

1. d4 g6 2. Bf4 Bg7 3. e3 Nf6 4. Be2 d6 5. h3 O-O 6. Nf3 Nfd7 7. O-O e5 8. Bh2
Nc6 9. c4 f5 10. Nc3 Ne7 11. Ng5 Nb6 12. c5 h6 13. Qb3+ d5 14. cxb6 hxg5 15.
bxc7 Qd6 16. dxe5 Bxe5 17. Bxe5 Qxe5 18. Rfd1 Be6 19. Qxb7 f4 20. e4 d4 21. Nb5
Nc6 22. Qxc6 1-0

[Event "294th YMCA Autumn C"]
[Site "Warsaw"]
[Date "2024.12.11"]
[Round "12"]
[White "Kuc, Mariusz"]
[Black "Glowacki, Mateusz"]
[Result "0-1"]
[WhiteElo "1684"]
[BlackElo "1635"]
[PlyCount "86"]
[EventDate "2024.09.25"]
[EventType "tourn"]
[EventRounds "1"]
[EventCountry "POL"]
[SourceDate "2024.09.25"]

1. e4 c5 2. Nf3 a6 3. d4 cxd4 4. Nxd4 Nf6 5. Nc3 e5 6. Nde2 Bb4 7. Ng3 Qc7 8.
Bd2 d6 9. Be2 O-O 10. O-O Nbd7 11. a3 Bxc3 12. Bxc3 Nc5 13. Bf3 Be6 14. Re1
Rfd8 15. a4 Rd7 16. Qd2 Qc6 17. b3 Rc8 18. Bb2 b5 19. axb5 axb5 20. Qe3 b4 21.
Rac1 Rdc7 22. Be2 Qa8 23. Ra1 Qb8 24. f4 d5 25. exd5 exf4 26. Qxf4 Nxd5 27. Qe5
Nf6 28. Qg5 h6 29. Qh4 Ncd7 30. Bd3 Rc5 31. Bd4 Rg5 32. Be3 Rg4 33. Qh3 Ne5 34.
Bf5 Bxf5 35. Nxf5 Ng6 36. Rac1 Rc3 37. Qf3 Nh4 38. Nxh4 Rxh4 39. g3 Rg4 40. Qe2
Re4 41. Qf3 Qe5 42. Bf4 Rxe1+ 43. Rxe1 Qxe1+ 0-1

[Event "294th YMCA Autumn C"]
[Site "Warsaw"]
[Date "2024.12.13"]
[Round "12"]
[White "Kozera, Konrad"]
[Black "Ossolinski, Michal"]
[Result "0-1"]
[WhiteElo "1576"]
[BlackElo "1612"]
[PlyCount "60"]
[EventDate "2024.09.25"]
[EventType "tourn"]
[EventRounds "1"]
[EventCountry "POL"]
[SourceDate "2024.09.25"]

1. e4 d5 2. exd5 Nf6 3. d4 Bg4 4. Be2 Bxe2 5. Nxe2 Qxd5 6. O-O e6 7. Nbc3 Qh5
8. Bf4 Na6 9. Ng3 Qxd1 10. Raxd1 c6 11. a3 Be7 12. Nce4 Rd8 13. Be5 O-O 14.
Nxf6+ Bxf6 15. Bxf6 gxf6 16. Nh5 f5 17. Rfe1 Nc7 18. Rd3 Kh8 19. Ree3 Nd5 20.
Rh3 b5 21. b3 Rb8 22. Rh4 f6 23. g3 e5 24. c4 e4 25. Rd2 bxc4 26. bxc4 Ne7 27.
d5 Ng6 28. Rh3 Ne5 29. Rc2 Nf3+ 30. Kf1 Rb1+ 0-1

[Event "294th YMCA Autumn C"]
[Site "Warsaw"]
[Date "2024.12.11"]
[Round "12"]
[White "Klask, Franciszek"]
[Black "Jazdzyk, Bartosz"]
[Result "1-0"]
[WhiteElo "1672"]
[BlackElo "1663"]
[PlyCount "89"]
[EventDate "2024.09.25"]
[EventType "tourn"]
[EventRounds "1"]
[EventCountry "POL"]
[SourceDate "2024.09.25"]

1. d4 Nf6 2. c4 e6 3. Nf3 c5 4. d5 b5 5. dxe6 fxe6 6. cxb5 d5 7. e3 Bd6 8. Bd3
O-O 9. O-O e5 10. e4 Bb7 11. exd5 e4 12. Ng5 exd3 13. Ne6 Bxh2+ 14. Kxh2 Qd6+
15. Kg1 Re8 16. Re1 Bxd5 17. Nf4 Nbd7 18. Nc3 Rxe1+ 19. Qxe1 Bb7 20. b3 Re8 21.
Qd2 Ne4 22. Nxe4 Bxe4 23. Bb2 Rf8 24. Ne2 Nf6 25. Ng3 Ng4 26. Qg5 Qg6 27. Nxe4
Qxg5 28. Nxg5 Rxf2 29. Re1 Kf8 30. Be5 g6 31. Nxh7+ Kf7 32. Ng5+ Kg8 33. Bc3
Kf8 34. Ne4 Rc2 35. Rd1 Ke7 36. g3 Rxa2 37. Rxd3 Re2 38. Nxc5 Ne3 39. Rd4 Rg2+
40. Kh1 Rxg3 41. Rd3 Kf7 42. Be1 Rf3 43. Bc3 Rg3 44. Ne4 Rh3+ 45. Kg1 1-0

[Event "294th YMCA Autumn C"]
[Site "Warsaw"]
[Date "2024.12.13"]
[Round "12"]
[White "Matyszkiewicz, Radoslaw"]
[Black "Sobieraj, Filip"]
[Result "0-1"]
[WhiteElo "1542"]
[BlackElo "1697"]
[PlyCount "84"]
[EventDate "2024.09.25"]
[EventType "tourn"]
[EventRounds "1"]
[EventCountry "POL"]
[SourceDate "2024.09.25"]

1. e4 e5 2. Nf3 Nc6 3. Bb5 f5 4. exf5 e4 5. Qe2 Qe7 6. Bxc6 dxc6 7. Nd4 Nf6 8.
Nc3 Qe5 9. Nf3 Qxf5 10. d3 Bb4 11. Bd2 Bxc3 12. Bxc3 O-O 13. Nd4 Qg6 14. O-O-O
exd3 15. Rxd3 Re8 16. Qd1 Ne4 17. Qf1 Be6 18. b3 Nxc3 19. Rxc3 Rad8 20. Nxe6
Rxe6 21. Rd3 Rde8 22. Rg3 Qf6 23. Kb1 $11 Re2 24. Rf3 Qg6 25. Rd3 Qf5 26. f3 c5
27. g4 Qe6 28. Qd1 c4 29. Rd8 c3 30. Rxe8+ Qxe8 31. Qd5+ Kh8 32. a4 Rd2 33. Qc4
Qe5 34. Qb4 c5 35. Qxb7 Qe8 36. Qxa7 Qd8 37. Qxc5 Rxc2 38. Rc1 Rxc1+ 39. Ka2 h6
40. a5 Qd2+ 41. Ka3 Ra1+ 42. Kb4 c2+ 0-1

[Event "294th YMCA Autumn C"]
[Site "Warsaw"]
[Date "2024.12.11"]
[Round "12"]
[White "Marczukiewicz, Slawomir"]
[Black "Przybylski, Marek"]
[Result "1/2-1/2"]
[WhiteElo "1637"]
[BlackElo "1609"]
[PlyCount "47"]
[EventDate "2024.09.25"]
[EventType "tourn"]
[EventRounds "1"]
[EventCountry "POL"]
[SourceDate "2024.09.25"]

1. d4 d5 2. Nf3 Nf6 3. c4 e6 4. Bg5 Be7 5. e3 O-O 6. Nc3 Nbd7 7. cxd5 exd5 8.
Bd3 c6 9. Qc2 Re8 10. O-O-O Nf8 11. Rdg1 Nh5 12. g4 Nf6 13. Ne5 N6d7 14. Bf4
Nxe5 15. Bxe5 Bd6 16. Bxd6 Qxd6 17. h4 Bd7 18. Kb1 Rac8 19. Bf5 b6 20. Bxd7
Nxd7 21. Qf5 Qe6 22. Qf4 Nf6 23. g5 Ne4 24. Nxe4 $11 1/2-1/2

[Event "294th YMCA Autumn C"]
[Site "Warsaw"]
[Date "2024.12.03"]
[Round "13"]
[White "Przybylski, Marek"]
[Black "Niedzwiecki, Marek"]
[Result "1-0"]
[WhiteElo "1609"]
[BlackElo "1618"]
[PlyCount "102"]
[EventDate "2024.09.25"]
[EventType "tourn"]
[EventRounds "1"]
[EventCountry "POL"]
[SourceDate "2024.09.25"]

1. d4 Nf6 2. Nf3 e6 3. e3 c5 4. Bd3 Nc6 5. O-O d5 6. b3 Bd6 7. Bb2 O-O 8. Nbd2
b6 9. c4 Ba6 10. Re1 Rc8 11. Rc1 Nb4 12. Bb1 b5 13. a3 Nc6 14. cxd5 Nxd5 15.
dxc5 Be7 16. b4 Qc7 17. Qc2 g6 18. Ne4 Bb7 19. Nc3 a6 20. Nxd5 exd5 21. Qc3 f6
22. Rcd1 a5 23. Ba2 axb4 24. Bxd5+ Kg7 25. axb4 h6 26. e4 Qf4 27. Nd4 Nxd4 28.
Rxd4 Bc6 29. Bxc6 Rxc6 30. Rd7 Rf7 31. Qd3 Re6 32. Rb7 Rf8 33. Qd5 Kf7 34. Rb6
Qg4 35. h3 Rd8 36. Qxd8 Bxd8 37. Rb7+ Ke8 38. hxg4 f5 39. gxf5 gxf5 40. e5 Bg5
41. Ra1 Bd8 42. Ra8 Re7 43. Rxe7+ Kxe7 44. Rxd8 Kxd8 45. f4 Kd7 46. Kf2 h5 47.
Ke3 h4 48. Kd4 Ke6 49. c6 Ke7 50. Kd5 Ke8 51. Kd6 Kd8 1-0

[Event "294th YMCA Autumn C"]
[Site "Warsaw"]
[Date "2024.12.18"]
[Round "13"]
[White "Sobieraj, Filip"]
[Black "Marczukiewicz, Slawomir"]
[Result "0-1"]
[WhiteElo "1697"]
[BlackElo "1637"]
[PlyCount "104"]
[EventDate "2024.09.25"]
[EventType "tourn"]
[EventRounds "1"]
[EventCountry "POL"]
[SourceDate "2024.09.25"]

1. e4 c6 2. d4 d5 3. e5 Bf5 4. Bd3 Bxd3 5. Qxd3 e6 6. Nf3 Qa5+ 7. Bd2 Qa6 8.
Qxa6 Nxa6 9. O-O c5 10. Nc3 Nc7 11. Be3 c4 12. a4 a6 13. Rfb1 O-O-O 14. b4 b6
15. Ne2 h6 16. Bd2 Ne7 17. Ra2 g5 18. Ng3 Nf5 19. Nxf5 exf5 20. c3 Be7 21. Ne1
Ne6 22. Nc2 f4 23. Na3 h5 24. Rd1 Rhg8 25. Bc1 Nc7 26. Rad2 b5 27. axb5 axb5
28. Ra2 Kb7 29. Bd2 Ra8 30. Rda1 Ra4 31. h4 gxh4 32. Bxf4 Rga8 33. g3 hxg3 34.
fxg3 Ne6 35. Be3 Kc6 36. Kf2 Bg5 37. Ke2 Bxe3 38. Kxe3 Ng5 39. Kd2 Ne4+ 40. Kc2
Nxg3 41. Kb2 h4 42. Rg1 Ne2 43. Rh1 Nxc3 44. Raa1 Ne4 45. Rxh4 Rxb4+ 46. Kc2
Rba4 47. Rh6+ Kd7 48. Rf1 Rxa3 49. Rxf7+ Ke8 50. Rfh7 Ra2+ 51. Kd1 Rd2+ 52. Ke1
Ra1# 0-1

[Event "294th YMCA Autumn C"]
[Site "Warsaw"]
[Date "2024.12.10"]
[Round "13"]
[White "Jazdzyk, Bartosz"]
[Black "Matyszkiewicz, Radoslaw"]
[Result "1-0"]
[WhiteElo "1663"]
[BlackElo "1542"]
[PlyCount "67"]
[EventDate "2024.09.25"]
[EventType "tourn"]
[EventRounds "1"]
[EventCountry "POL"]
[SourceDate "2024.09.25"]

1. e4 c5 2. Nf3 e6 3. d4 cxd4 4. Nxd4 a6 5. Nc3 Qc7 6. Bd3 Nf6 7. f4 Bb4 8. Nb3
Nc6 9. O-O d5 10. e5 Nd7 11. Bd2 Nc5 12. Qg4 Bd7 13. Nxc5 Bxc5+ 14. Kh1 O-O-O
15. b4 Nxb4 16. Rab1 Nxd3 17. cxd3 Bc6 18. Qe2 h6 19. a4 g5 20. Nb5 Qe7 21. d4
axb5 22. axb5 Bxb5 23. Qxb5 Ba7 24. Bb4 Qd7 25. Qa5 b6 26. Rfc1+ Kb7 27. Bc5
Rb8 28. Rxb6+ Ka8 29. Ra6 Rb7 30. Ra1 Rc8 31. Rxa7+ Rxa7 32. Qxa7+ Qxa7 33.
Rxa7+ Kb8 34. Rxf7 1-0

[Event "294th YMCA Autumn C"]
[Site "Warsaw"]
[Date "2024.12.18"]
[Round "13"]
[White "Ossolinski, Michal"]
[Black "Klask, Franciszek"]
[Result "1/2-1/2"]
[WhiteElo "1612"]
[BlackElo "1672"]
[PlyCount "62"]
[EventDate "2024.09.25"]
[EventType "tourn"]
[EventRounds "1"]
[EventCountry "POL"]
[SourceDate "2024.09.25"]

1. e4 c6 2. d4 d5 3. Nc3 dxe4 4. Nxe4 Bf5 5. Ng3 Bg6 6. h4 h6 7. h5 Bh7 8. Nf3
e6 9. Bd3 Bxd3 10. Qxd3 Nd7 11. Bd2 Ngf6 12. O-O-O Be7 13. Kb1 O-O 14. Ne4 Nxe4
15. Qxe4 Nf6 16. Qe2 Qd5 17. Ne5 Qe4 18. Qxe4 Nxe4 19. Be1 Rfd8 20. f3 Nf6 21.
Bf2 Rac8 22. Rd3 Nd5 23. Rb3 b6 24. c4 Nf6 25. g4 c5 26. Rd1 Bd6 27. Rbd3 Be7
28. dxc5 Rxd3 29. Rxd3 bxc5 30. Nd7 Ne8 31. Ne5 Nf6 1/2-1/2

[Event "294th YMCA Autumn C"]
[Site "Warsaw"]
[Date "2024.12.18"]
[Round "13"]
[White "Glowacki, Mateusz"]
[Black "Kozera, Konrad"]
[Result "1-0"]
[WhiteElo "1635"]
[BlackElo "1576"]
[PlyCount "47"]
[EventDate "2024.09.25"]
[EventType "tourn"]
[EventRounds "1"]
[EventCountry "POL"]
[SourceDate "2024.09.25"]

1. e4 c5 2. a3 e6 3. b4 cxb4 4. axb4 d5 5. e5 d4 6. b5 Qd5 7. Nf3 Bc5 8. Bd3
Ne7 9. Qe2 O-O 10. c4 dxc3 11. Nxc3 Qd8 12. Bxh7+ Kh8 13. Bc2 Nd5 14. Nxd5 exd5
15. Ra4 d4 16. O-O g6 17. Bb2 Bg4 18. h3 Bxf3 19. Qxf3 Qb6 20. Qf4 Qxb5 21.
Bxd4 Bxd4 22. Rxd4 Re8 23. Qf6+ Kg8 24. Rh4 1-0